000 00501nam a2200181Ia 4500
001 7694
005 20260306160514.0
008 260306t2016||||xx |||||||||||||| ||spa||
041 _aESP
082 _a354.328
_bO65M
100 _aOrganismo de Evaluación y Fiscalización Ambiental
_eAUT
245 0 _aManual de competencias en fiscalización ambiental para gobiernos locales
260 _c2016
300 _a72 páginas :
_c25 cm.
650 _aGEN
654 _aCIA
942 _cLIB
_dJUS
_fJUS
_2ddc
_n
999 _c7694
_d7694